|
|
|
|
| LEADER |
00000nam2a2200000 4500 |
| 001 |
376904 |
| 005 |
20231102012848.0 |
| 035 |
|
|
|a (RuTPU)RU\TPU\retro\34346
|
| 035 |
|
|
|a RU\TPU\retro\34344
|
| 090 |
|
|
|a 376904
|
| 100 |
|
|
|a 20230124d1973 k y0rusy50 ca
|
| 101 |
0 |
|
|a rus
|
| 102 |
|
|
|a RU
|
| 105 |
|
|
|a a z 001zy
|
| 200 |
0 |
|
|a Вып. 4: Геология и редкометальная металлогения гранитоидных формаций
|f под ред. В. В. Булдакова
|
| 210 |
|
|
|d 1973
|
| 215 |
|
|
|a 99 с.
|c ил.
|
| 320 |
|
|
|a Библиогр. в конце ст.
|
| 461 |
|
1 |
|0 (RuTPU)RU\TPU\retro\34339
|t Металлогенические и геологические исследования
|o [сборник]
|f Академия наук СССР, Институт минералогии, геохимии и кристаллохимии редких элементов
|v Вып. 4: Геология и редкометальная металлогения гранитоидных формаций
|d 1971-1973
|
| 606 |
1 |
|
|a Металлогения
|2 stltpush
|3 (RuTPU)RU\TPU\subj\42411
|9 62078
|
| 606 |
1 |
|
|a Геологические исследования
|2 stltpush
|3 (RuTPU)RU\TPU\subj\6042
|9 34006
|
| 610 |
1 |
|
|a гранитоидные формации
|
| 610 |
1 |
|
|a Казахстан
|
| 610 |
1 |
|
|a аляскиты
|
| 610 |
1 |
|
|a цирконы
|
| 610 |
1 |
|
|a морфологические особенности
|
| 610 |
1 |
|
|a морфоструктурный анализ
|
| 610 |
1 |
|
|a рудоносность
|
| 610 |
1 |
|
|a граниты
|
| 610 |
1 |
|
|a химический состав
|
| 610 |
1 |
|
|a петрохимия
|
| 675 |
|
|
|a 553.078
|v 4
|
| 675 |
|
|
|a 55
|v 4
|
| 702 |
|
1 |
|a Булдаков
|b В. В.
|4 340
|
| 801 |
|
1 |
|a RU
|b 63413507
|c 20230124
|
| 801 |
|
2 |
|a RU
|b 63413507
|c 20230124
|g RCR
|
| 942 |
|
|
|c BK
|